000 02654cam a22003978i 4500
001 20843874
003 OSt
005 20240513110508.0
008 190206s2019 nyu b 001 0 eng c
010 _a 2019005630
020 _a9781108492102 (hardback : alk. paper)
020 _a9781108710350 (pbk. : alk. paper)
040 _aIEN/DLC
_beng
_erda
_cIEN
042 _apcc
043 _af------
050 0 0 _aJQ1877
_b.O63 2019
082 0 4 _a328.6
_223
_bOPA
100 1 _aOpalo, Ken Ochieng',
_d1983-
_eauthor.
245 1 0 _aLegislative development in Africa :
_bpolitics and post-colonial legacies /
_cKen Ochieng' Opalo.
263 _a1907
264 1 _aNew York, NY :
_bCambridge University Press,
_c2019.
300 _apages cm
336 _atext
_2rdacontent
337 _aunmediated
_2rdamedia
338 _avolume
_2rdacarrier
500 _aOriginally presented as the author's thesis (doctoral)--Stanford University, 2015.
504 _aIncludes bibliographical references and index.
505 0 _aIntroduction -- Legislative development in Africa -- Intra-elite politics and credible commitment -- Colonial origins of parliaments in Kenya and Aambia -- Elite control and legislative development -- Legislative institutionalization in time -- Electoral politics and legislative independence -- Conclusion.
520 _a"What explains contemporary variations in African legislative institutions -- including their strengths and weaknesses? Compared with more power executive branches, legislatures throughout the continent have historically been classified as weak and almost inconsequential to policy-making processes. But as Ken Ochieng' Opalo suggests here, African legislatures actually serve important roles, and under certain conditions, powerful and independent democratic legislatures emerge from their autocratic foundations. In this book, Opalo examines the colonial origins of African legislatures, as well as how post-colonial intra-elite politics sought to adapt inherited colonial legislatures to their respective local political contexts. By focusing on the case studies of Kenya and Zambia, Opalo offers a comparative longitudinal study of legislative strength and institutionalization as well as a regional survey of legislative development under colonial rule, post-colonial autocratic single party rule, and multiparty politics throughout Africa"--Provided by publisher.
650 0 _aLegislative bodies
_zAfrica
_xHistory.
650 0 _aLegislative power
_zAfrica.
651 0 _aAfrica
_xPolitics and government.
906 _a7
_bcbc
_corignew
_d1
_eecip
_f20
_gy-gencatlg
942 _2ddc
_cBK
999 _c4038
_d4038